[Event "Sibiria Region-ch"]
[Site "Irkutsk"]
[Date "2010.05.21"]
[Round "8"]
[White "Sagdeev, Rinel"]
[Black "Bahturin, Konstantin"]
[Result "1/2-1/2"]
[WhiteElo "2018"]
[BlackElo "2154"]
[PlyCount "87"]
[EventDate "2010.05.15"]
[EventType "swiss"]
[EventRounds "9"]
[EventCountry "RUS"]
[SourceTitle "CBM 136 Extra"]
[Source "ChessBase"]
[SourceDate "2010.07.02"]
[SourceVersion "2"]
[SourceVersionDate "2010.07.15"]
[SourceQuality "1"]

1. d4 d5 2. c4 e6 3. Nc3 Nf6 4. Nf3 Be7 5. e3 c6 6. Qc2 Nbd7 7. Bd3 0-0 8. 0-0 Re8 9. e4 dxe4 10. Nxe4 Nxe4 11. Bxe4 Nf6 12. Bd3 h6 13. Bf4 b6 14. Rad1 Bb7 15. Ne5 Qc8 16. Rfe1 Bf8 17. Re3 Re7 18. Qe2 c5 19. Rg3 Kh8 20. Bb1 Qe8 21. Rh3 Rd8 22. Bg5 Rxd4 23. Rxd4 cxd4 24. Bxf6 gxf6 25. Qd3 f5 26. Qxd4 Bg7 27. g4 Qb8 28. f4 Qc7 29. gxf5 exf5 30. Bxf5 Qc5 31. Qxc5 bxc5 32. Re3 Kg8 33. Kf2 Ba6 34. b3 Bb7 35. a3 a5 36. Ke2 Bf8 37. Rg3+ Bg7 38. Ke3 Rc7 39. h4 Bc8 40. Be4 Kf8 41. Bd5 Bf5 42. Be4 Be6 43. Bd5 Bf5 44. Be4 1/2-1/2

[Event "Irkutsk-ch"]
[Site "Irkutsk"]
[Date "2009.12.19"]
[Round "3"]
[White "Goryachkin, Alexander"]
[Black "Sagdeev, Rinel"]
[Result "1-0"]
[WhiteElo "2064"]
[BlackElo "2017"]
[PlyCount "111"]
[EventDate "2009.12.17"]
[EventType "tourn"]
[EventRounds "11"]
[EventCountry "RUS"]
[SourceTitle "EXT 2022"]
[Source "ChessBase"]
[SourceDate "2021.10.06"]
[SourceVersion "1"]
[SourceVersionDate "2021.10.06"]
[SourceQuality "1"]

1. d4 Nf6 2. c4 e6 3. Nf3 b6 4. a3 Be7 5. Nc3 Bb7 6. d5 0-0 7. e4 exd5 8. cxd5 Re8 9. Bd3 c5 10. 0-0 d6 11. Re1 Nbd7 12. Bf4 a6 13. a4 Bf8 14. Nd2 Ne5 15. Bf1 g6 16. h3 Nh5 17. Be3 Qf6 18. Qb3 Qd8 19. Be2 Ng7 20. f4 Nd7 21. Bf3 Rb8 22. Qc2 f5 23. g4 fxe4 24. Ndxe4 b5 25. axb5 axb5 26. Rad1 b4 27. Na4 Ba6 28. b3 Bb5 29. Nb2 Ra8 30. Nc4 Bxc4 31. Qxc4 Ra2 32. Qb5 Nf6 33. Ng3 Qa5 34. Qd3 Qa6 35. Qb1 Qa3 36. Bc1 Qa7 37. Kf1 c4 38. Re2 Rexe2 39. Nxe2 c3 40. Qd3 Nd7 41. Qb5 c2 42. Rd2 g5 43. Qxb4 gxf4 44. Qxf4 Ne5 45. Be4 Qc5 46. Qh6 Ng6 47. Bxg6 hxg6 48. Qxg6 Qe3 49. Qd3 Qe5 50. Rxc2 Rxc2 51. Qxc2 Qh2 52. Qd3 Be7 53. Bf4 Qh1+ 54. Ng1 Ne8 55. b4 Bd8 56. Qg6+ 1-0

[Event "Irkutsk-ch"]
[Site "Irkutsk"]
[Date "2009.12.18"]
[Round "2"]
[White "Sagdeev, Rinel"]
[Black "Shelk, Alexander"]
[Result "0-1"]
[WhiteElo "2017"]
[BlackElo "2382"]
[PlyCount "54"]
[EventDate "2009.12.17"]
[EventType "tourn"]
[EventRounds "11"]
[EventCountry "RUS"]
[SourceTitle "EXT 2022"]
[Source "ChessBase"]
[SourceDate "2021.10.06"]
[SourceVersion "1"]
[SourceVersionDate "2021.10.06"]
[SourceQuality "1"]

1. e4 d5 2. exd5 Nf6 3. Bb5+ Bd7 4. Bc4 b5 5. Bb3 a5 6. a3 a4 7. Ba2 g6 8. Nc3 Na6 9. Qe2 b4 10. Ne4 Nxe4 11. Qxe4 b3 12. cxb3 axb3 13. Qd4 bxa2 14. Qxh8 Bb5 15. Qd4 e5 16. Qxe5+ Kd7 17. d4 Bd6 18. Qe4 Qh8 19. Be3 Re8 20. Qh4 f5 21. Nf3 f4 22. Kd2 fxe3+ 23. fxe3 Nc5 24. Qh3+ Kd8 25. Ng5 Qf6 26. Ne6+ Rxe6 27. dxe6 Qf2+ 0-1

[Event "Irkutsk Region-ch"]
[Site "Angarsk"]
[Date "2009.10.28"]
[Round "3"]
[White "Sagdeev, Rinel"]
[Black "Tunik, Sergey"]
[Result "0-1"]
[WhiteElo "2017"]
[BlackElo "1923"]
[PlyCount "90"]
[EventDate "2009.10.26"]
[EventType "swiss"]
[EventRounds "9"]
[EventCountry "RUS"]
[SourceTitle "EXT 2023"]
[Source "ChessBase"]
[SourceDate "2022.10.05"]
[SourceVersion "1"]
[SourceVersionDate "2022.10.05"]
[SourceQuality "1"]

1. e4 e6 2. d4 d5 3. Nc3 Nc6 4. e5 Nge7 5. f4 b6 6. Nf3 Bd7 7. a3 Na5 8. Be2 c5 9. Be3 Nf5 10. Bf2 cxd4 11. Nxd4 Nxd4 12. Bxd4 Nc6 13. Bf2 g5 14. fxg5 Qxg5 15. 0-0 Bg7 16. Bg3 Bxe5 17. Bxe5 Nxe5 18. Qd4 0-0 19. h4 Qg7 20. Qf4 Ng6 21. Qf2 f5 22. Rad1 Kh8 23. Rd3 Rg8 24. Rh3 d4 25. Bf3 Rac8 26. Nd1 Nf4 27. Rh2 e5 28. Re1 Ne6 29. Bd5 Rgf8 30. h5 Nf4 31. h6 Qf6 32. Bb3 Be6 33. Bxe6 Nxe6 34. c3 e4 35. cxd4 Qxd4 36. Qxd4+ Nxd4 37. Nc3 Rg8 38. Kf2 Ne6 39. Rh5 Nf4 40. Rxf5 Nd3+ 41. Kf1 Nxe1 42. Kxe1 Rxg2 43. Re5 Rg6 44. Re7 Rxh6 45. Rxa7 Rh2 0-1

[Event "Irkutsk Region-ch"]
[Site "Angarsk"]
[Date "2009.10.27"]
[Round "2"]
[White "Alexeev, Sergey"]
[Black "Sagdeev, Rinel"]
[Result "1/2-1/2"]
[WhiteElo "2161"]
[BlackElo "2017"]
[PlyCount "157"]
[EventDate "2009.10.26"]
[EventType "swiss"]
[EventRounds "9"]
[EventCountry "RUS"]
[SourceTitle "EXT 2023"]
[Source "ChessBase"]
[SourceDate "2022.10.05"]
[SourceVersion "1"]
[SourceVersionDate "2022.10.05"]
[SourceQuality "1"]

1. c4 e5 2. Nc3 Nf6 3. g3 Bb4 4. Bg2 0-0 5. Nf3 Re8 6. 0-0 Bxc3 7. bxc3 d6 8. d4 e4 9. Nd2 Bf5 10. Nb3 Qc8 11. Bg5 Nbd7 12. Qd2 h6 13. Qf4 Bg6 14. Bxf6 Nxf6 15. h3 Qe6 16. c5 b6 17. Rfc1 Rad8 18. cxd6 cxd6 19. c4 Rc8 20. d5 Qe5 21. Qxe5 Rxe5 22. Nd4 Re7 23. Nc6 Rec7 24. e3 Bf5 25. g4 Rxc6 26. dxc6 Be6 27. f4 Rxc6 28. g5 hxg5 29. fxg5 Nd7 30. Bxe4 Rc5 31. h4 Bxc4 32. Rd1 d5 33. Bf5 Ne5 34. Kf2 g6 35. Bb1 b5 36. e4 b4 37. Ke3 dxe4 38. Rd8+ Kg7 39. Bxe4 Be6 40. Rb8 a5 41. Kd4 Nd7 42. Rd8 Rc4+ 43. Ke3 Rc3+ 44. Kd4 Rc5 45. Bd3 Rc3 46. Re1 Nc5 47. Bb1 Rc4+ 48. Ke5 Rxh4 49. Rc1 Na4 50. Rd4 Rh5 51. a3 Rxg5+ 52. Kd6 Nc3 53. Bd3 Na2 54. Rc5 Rxc5 55. Kxc5 bxa3 56. Bc4 Bxc4 57. Rxc4 Nb4 58. Rc3 a2 59. Ra3 Nd3+ 60. Kd4 Nb4 61. Kc4 Nc6 62. Rxa2 g5 63. Kc5 Ne5 64. Kd5 Ng6 65. Ke4 Nh4 66. Rxa5 Kg6 67. Ra8 f5+ 68. Ke3 Kh5 69. Kf2 Kg4 70. Rg8 f4 71. Rg7 Nf3 72. Rh7 Ne5 73. Rh8 Kf5 74. Rf8+ Ke4 75. Re8 g4 76. Re7 g3+ 77. Kg2 Kf5 78. Rg7 Ng6 79. Kh3 1/2-1/2

[Event "Irkutsk Anufriev Memorial"]
[Site "Irkutsk"]
[Date "2008.12.02"]
[Round "12"]
[White "Sagdeev, Rinel"]
[Black "Anisimov, Alexander1"]
[Result "1-0"]
[WhiteElo "1996"]
[BlackElo "1669"]
[PlyCount "75"]
[EventDate "2008.11.21"]
[EventType "tourn"]
[EventRounds "13"]
[EventCountry "RUS"]
[SourceTitle "EXT 2022"]
[Source "ChessBase"]
[SourceDate "2021.10.06"]
[SourceVersion "1"]
[SourceVersionDate "2021.10.06"]
[SourceQuality "1"]

1. d4 Nf6 2. c4 e6 3. Nc3 b6 4. e4 Bb7 5. Bd3 Bb4 6. Qc2 0-0 7. Nf3 h6 8. 0-0 Be7 9. b3 d6 10. Bb2 Nbd7 11. Rad1 Rc8 12. e5 Nh5 13. Be4 Bxe4 14. Qxe4 f5 15. exf6 Rxf6 16. Nb5 Qe8 17. Nxa7 Ra8 18. Nb5 Rxa2 19. Qb1 Rxb2 20. Qxb2 Qg6 21. Ne1 Nf4 22. Nxc7 Rf5 23. d5 Ne5 24. f3 Bh4 25. Nxe6 Nxe6 26. dxe6 Bxe1 27. Rdxe1 Rxf3 28. Rxe5 Rxf1+ 29. Kxf1 Qf6+ 30. Qf2 Qxf2+ 31. Kxf2 dxe5 32. Ke3 Kf8 33. Ke4 Ke7 34. Kxe5 g5 35. g4 Ke8 36. Kd6 Kd8 37. e7+ Ke8 38. Ke6 1-0

[Event "Irkutsk Anufriev Memorial"]
[Site "Irkutsk"]
[Date "2008.11.29"]
[Round "9"]
[White "Goryachkin, Alexander"]
[Black "Sagdeev, Rinel"]
[Result "0-1"]
[WhiteElo "1973"]
[BlackElo "1996"]
[PlyCount "76"]
[EventDate "2008.11.21"]
[EventType "tourn"]
[EventRounds "13"]
[EventCountry "RUS"]
[SourceTitle "EXT 2022"]
[Source "ChessBase"]
[SourceDate "2021.10.06"]
[SourceVersion "1"]
[SourceVersionDate "2021.10.06"]
[SourceQuality "1"]

1. e4 c6 2. d4 d5 3. e5 Bf5 4. g4 Be4 5. f3 Bg6 6. h4 h5 7. g5 e6 8. Nh3 Ne7 9. Nf4 Bf5 10. Nd2 c5 11. c3 Nec6 12. Nb3 Nd7 13. Be3 g6 14. Kf2 c4 15. Nd2 b5 16. Bh3 Bxh3 17. Nxh3 Qa5 18. Qc2 b4 19. Rhb1 Nb6 20. Nf4 Kd7 21. a3 bxa3 22. bxa3 Be7 23. a4 a6 24. Nf1 Rhb8 25. Bd2 Nc8 26. Ne3 Qd8 27. Bc1 Na5 28. Ba3 Rb3 29. Bb4 Rb8 30. Nexd5 exd5 31. Nxd5 Kc6 32. Ne3 Bxb4 33. Qe4+ Kd7 34. cxb4 R3xb4 35. Rxb4 Rxb4 36. d5 Qb6 37. Kg3 Ne7 38. d6 Qxe3 0-1

[Event "Irkutsk Summer"]
[Site "Irkutsk"]
[Date "2008.07.30"]
[Round "10"]
[White "Sagdeev, Rinel"]
[Black "Gomboev, Innokenty"]
[Result "1-0"]
[WhiteElo "1986"]
[BlackElo "1715"]
[PlyCount "89"]
[EventDate "2008.07.21"]
[EventType "tourn"]
[EventRounds "13"]
[EventCountry "RUS"]
[SourceTitle "EXT 2022"]
[Source "ChessBase"]
[SourceDate "2021.10.06"]
[SourceVersion "1"]
[SourceVersionDate "2021.10.06"]
[SourceQuality "1"]

1. d4 f5 2. c4 g6 3. Nc3 Bg7 4. e4 d6 5. Nf3 Nf6 6. Bd3 fxe4 7. Nxe4 Nxe4 8. Bxe4 0-0 9. 0-0 c6 10. Bg5 Bf5 11. Re1 Bxe4 12. Rxe4 Bf6 13. Qe2 Nd7 14. Bh6 Re8 15. h4 e5 16. d5 c5 17. Ng5 Bxg5 18. Bxg5 Nf6 19. h5 gxh5 20. Rh4 Rf8 21. Rxh5 Rf7 22. Rh6 Qf8 23. Rc1 Kh8 24. Rc3 Ng8 25. Rh2 Rc8 26. Rch3 Rcc7 27. Qc2 Rg7 28. b3 Rcf7 29. a3 Qc8 30. Be3 Qf5 31. Qxf5 Rxf5 32. b4 b6 33. Kf1 Rff7 34. Ke2 Rc7 35. Rh4 Rg6 36. f4 Rcg7 37. bxc5 bxc5 38. fxe5 dxe5 39. Bxc5 Rxg2+ 40. Rxg2 Rxg2+ 41. Kf3 Rb2 42. Bd6 Rb3+ 43. Ke2 h6 44. Bxe5+ Kh7 45. d6 1-0

[Event "Irkutsk Summer"]
[Site "Irkutsk"]
[Date "2008.07.28"]
[Round "8"]
[White "Sagdeev, Rinel"]
[Black "Usov, Alexander"]
[Result "1/2-1/2"]
[WhiteElo "1986"]
[BlackElo "1781"]
[PlyCount "32"]
[EventDate "2008.07.21"]
[EventType "tourn"]
[EventRounds "13"]
[EventCountry "RUS"]
[SourceTitle "EXT 2022"]
[Source "ChessBase"]
[SourceDate "2021.10.06"]
[SourceVersion "1"]
[SourceVersionDate "2021.10.06"]
[SourceQuality "1"]

1. d4 Nf6 2. c4 d5 3. cxd5 Nxd5 4. g3 e6 5. Bg2 Bb4+ 6. Nd2 c5 7. Ngf3 Nc6 8. dxc5 Bxc5 9. 0-0 0-0 10. Ne4 Bb6 11. Qc2 f6 12. Rd1 Qe7 13. a3 a5 14. h4 Bd7 15. h5 Rfc8 16. Qd3 Be8 1/2-1/2

[Event "Irkutsk Summer"]
[Site "Irkutsk"]
[Date "2008.07.26"]
[Round "6"]
[White "Sagdeev, Rinel"]
[Black "Anisimov, Alexander1"]
[Result "1-0"]
[WhiteElo "1986"]
[BlackElo "1668"]
[PlyCount "81"]
[EventDate "2008.07.21"]
[EventType "tourn"]
[EventRounds "13"]
[EventCountry "RUS"]
[SourceTitle "EXT 2022"]
[Source "ChessBase"]
[SourceDate "2021.10.06"]
[SourceVersion "1"]
[SourceVersionDate "2021.10.06"]
[SourceQuality "1"]

1. e4 e5 2. Nf3 Nc6 3. Bb5 a6 4. Ba4 Nf6 5. 0-0 Be7 6. Re1 b5 7. Bb3 0-0 8. c3 d5 9. exd5 Nxd5 10. Nxe5 Nxe5 11. Rxe5 c6 12. d4 Bd6 13. Rg5 h6 14. Rh5 Nf6 15. Rh4 Re8 16. Nd2 Bf5 17. Nf1 g5 18. Rxh6 Bf8 19. Bxg5 Bxh6 20. Bxh6 Ng4 21. Bf4 Qh4 22. Qf3 Be4 23. Qg3 Qxg3 24. Nxg3 Bd5 25. Bxd5 cxd5 26. a4 Nf6 27. f3 Rec8 28. Nf5 Ra7 29. axb5 Rca8 30. b6 Rb7 31. Bc7 Ne8 32. Ne7+ Kf8 33. Nxd5 Nxc7 34. Nxc7 Rab8 35. Rxa6 Rxb6 36. Rxb6 Rxb6 37. b4 Rc6 38. Nd5 Ke8 39. b5 Rc4 40. h4 Kd7 41. Nb6+ 1-0

[Event "Irkutsk Spring"]
[Site "Irkutsk"]
[Date "2008.04.06"]
[Round "4"]
[White "Sagdeev, Rinel"]
[Black "Besedin, Anatoly"]
[Result "0-1"]
[WhiteElo "1992"]
[BlackElo "2091"]
[PlyCount "105"]
[EventDate "2008.04.03"]
[EventType "tourn"]
[EventRounds "11"]
[EventCountry "RUS"]
[SourceTitle "EXT 2022"]
[Source "ChessBase"]
[SourceDate "2021.10.06"]
[SourceVersion "1"]
[SourceVersionDate "2021.10.06"]
[SourceQuality "1"]

1. d4 Nf6 2. c4 e6 3. Nc3 Bb4 4. Qc2 b6 5. a3 Bxc3+ 6. Qxc3 Bb7 7. Nf3 Ne4 8. Qc2 0-0 9. e3 c5 10. Bd3 f5 11. 0-0 Na6 12. b3 Rf6 13. Nd2 Rh6 14. d5 Qh4 15. Nf3 Qh5 16. h3 exd5 17. cxd5 Nc7 18. Rd1 Bxd5 19. Bc4 Rd6 20. Bb2 Bxc4 21. Qxc4+ Qf7 22. Qxf7+ Kxf7 23. Rxd6 Nxd6 24. Rd1 Nce8 25. Ng5+ Kg6 26. f4 Rd8 27. Nf3 Kf7 28. Ng5+ Kg6 29. Rd5 h6 30. Nf3 Kf7 31. h4 Ke6 32. Re5+ Kf7 33. Rd5 g6 34. h5 gxh5 35. Nh4 Ke6 36. Re5+ Kf7 37. Rd5 c4 38. Nxf5 Nxf5 39. Rxf5+ Kg6 40. Rd5 cxb3 41. Rb5 d5 42. Rxb3 Nd6 43. a4 Nc4 44. Bd4 Kf5 45. Kf2 Ke4 46. Bg7 Rd6 47. Bd4 Rc6 48. Rb1 Na3 49. Rh1 Nc2 50. Rd1 Rc4 51. Bg7 Nxe3 52. Re1 d4 53. f5 0-1

[Event "Irkutsk Spring"]
[Site "Irkutsk"]
[Date "2008.04.03"]
[Round "1"]
[White "Privalikhin, Fedor"]
[Black "Sagdeev, Rinel"]
[Result "0-1"]
[WhiteElo "2052"]
[BlackElo "1992"]
[PlyCount "56"]
[EventDate "2008.04.03"]
[EventType "tourn"]
[EventRounds "11"]
[EventCountry "RUS"]
[SourceTitle "EXT 2022"]
[Source "ChessBase"]
[SourceDate "2021.10.06"]
[SourceVersion "1"]
[SourceVersionDate "2021.10.06"]
[SourceQuality "1"]

1. d4 Nf6 2. c4 e6 3. Nf3 Bb4+ 4. Nc3 b6 5. Qc2 Bb7 6. e3 Ne4 7. Bd3 Ng5 8. Nxg5 Qxg5 9. f3 Nc6 10. 0-0 f5 11. d5 Ne7 12. Nb5 Bd6 13. b4 Qh5 14. Nxd6+ cxd6 15. dxe6 dxe6 16. c5 0-0 17. cxd6 Nd5 18. Qb3 Rf6 19. e4 fxe4 20. fxe4 Rg6 21. Rf2 Rf8 22. exd5 Rxf2 23. Bxg6 Qe2 24. Bxh7+ Kf8 25. Bf4 Rxg2+ 26. Kh1 exd5 27. Qh3 Rg4 28. Bg3 d4+ 0-1

[Event "Irkutsk City-ch"]
[Site "Irkutsk"]
[Date "2008.01.??"]
[Round "7"]
[White "Sagdeev, Rinel"]
[Black "Ivenin, Vladimir"]
[Result "0-1"]
[WhiteElo "1993"]
[BlackElo "2073"]
[PlyCount "72"]
[EventDate "2008.01.??"]
[EventType "tourn"]
[EventRounds "9"]
[EventCountry "RUS"]
[SourceTitle "EXT 2010"]
[Source "ChessBase"]
[SourceDate "2010.11.25"]
[SourceVersion "1"]
[SourceVersionDate "2010.11.25"]
[SourceQuality "1"]

1. d4 Nf6 2. c4 g6 3. Nc3 Bg7 4. e4 d6 5. f3 c6 6. Be3 a6 7. Qd2 b5 8. Bh6 Bxh6 9. Qxh6 Qa5 10. 0-0-0 b4 11. Nb1 Nbd7 12. g4 Qxa2 13. h4 Nb6 14. Rh2 Bxg4 15. c5 Na4 16. Rc2 Be6 17. d5 cxd5 18. cxd6 b3 19. d7+ Bxd7 20. Bc4 dxc4 21. Rcd2 Rc8 22. Ne2 Be6 23. Nec3 Nxc3 24. bxc3 Qa5 25. Qg7 Rg8 26. Qh6 Qh5 27. Qf4 g5 28. Qc7 Kf8 29. Rd8+ Kg7 30. Rxg8+ Nxg8 31. Qe5+ Kf8 32. Rg1 Qxh4 33. Nd2 Qf4 34. Qa5 h6 35. Rd1 Qe3 36. Kb2 Qd3 0-1